000 00544nam a22001817a 4500
010 _aENG-119576
020 _c595.00
_a8172452453
020 _c595.00
_a9788182472846
035 _aEN-103108
037 _bDBAD/PUB
082 _a620
100 _aTyagi, Vidit
245 _aComputer applications in mechanical engineering /
_cby Vidit Tyagi
260 _aPanchkula-(H.R.)
_bDot Publications
_c2012
270 _a# 1471, Sector 15
_bPanchkula -(H.R.)
300 _a220p.:
_c24cm(Hb)
_b ill.
942 _2ddc
_cEN
_h620
_mTYA
999 _c143328
_d143328